| 000 | 00704nmc a2200265 a 4500 | ||
|---|---|---|---|
| 003 | AR-BaBNM | ||
| 005 | 20251128211331.0 | ||
| 008 | 234020s1994 ||||||||||||||000 | spa|| | ||
| 020 | _a950-694-362-1 | ||
| 040 | _cAR-BaBNM | ||
| 100 | 1 | _aNitti, Luis | |
| 245 | 1 | 0 | _aRealismo y ética en la praxis política |
| 260 |
_aBuenos Aires _bGrupo Editor Latinoamericano _c1994 |
||
| 300 | _a161 p. | ||
| 490 | 0 | _aEstudios políticos y sociales | |
| 650 | 4 | _aFILOSOFIA POLITICA | |
| 650 | 4 | _aCIENCIAS POLITICAS | |
| 650 | 4 | _aTEORIA POLITICA | |
| 650 | 4 | _aREPUBLICA | |
| 650 | 4 | _aSOBERANIA | |
| 650 | 4 | _aFEDERALISMO | |
| 700 | 1 |
_aFrondizi, Arturo _eprologuista |
|
| 942 | _cBK | ||
| 998 | _cmariana | ||
| 999 |
_c19212 _d19212 |
||